La verdad sospechosa / (Record no. 135739)

MARC details
000 -LEADER
campo de control de longitud fija 00651nam a2200205 4500
001 - NÚMERO DE CONTROL
campo de control 135739
003 - IDENTIFICADOR DE NÚMERO DE CONTROL
campo de control ES-MaACL
005 - FECHA Y HORA DE LA ÚLTIMA TRANSACCIÓN
campo de control 20230906194938.0
007 - CAMPO FIJO DE DESCRIPCIÓN FÍSICA--INFORMACIÓN GENERAL
campo de control de longitud fija t|
008 - DATOS DE LONGITUD FIJA--INFORMACIÓN GENERAL
campo de control de longitud fija 070214s1940 sp r ||||1| spa d
100 1# - ENTRADA PRINCIPAL--NOMBRE DE PERSONA
Nombre de persona Ruiz de Alarcón y Mendoza, Juan.
9 (RLIN) 100719
245 13 - MENCIÓN DEL TÍTULO
Título La verdad sospechosa /
Mención de responsabilidad, etc. Juan Ruiz de Alarcón ; prólogo de Angel Valbuena Prat.
260 ## - PUBLICACIÓN, DISTRIBUCIÓN, ETC.
Lugar de publicación, distribución, etc. Barcelona :
Nombre del editor, distribuidor, etc. Atlántida,
Fecha de publicación, distribución, etc. 1940.
300 ## - DESCRIPCIÓN FÍSICA
Extensión 182 p., 1 lám. :
Otras características físicas il. ;
Dimensiones 23 cm.
490 1# - MENCIÓN DE SERIE
Mención de serie Muérdago
700 1# - ENTRADA AGREGADA--NOMBRE PERSONAL
Nombre de persona Valbuena Prat, Ángel,
Fechas asociadas al nombre 1900-1977
9 (RLIN) 112459
830 0# - PUNTO DE ACCESO ADICIONAL DE SERIE-TÍTULO UNIFORME
Título uniforme Muérdago
9 (RLIN) 219942
852 ## - LOCALIZACIÓN
Ubicación ES-MaACL
Número de control de estantería B-3575
Sublocalización o colección R.18958
Holdings
Estatus retirado Estado de pérdida Estado de daño No para préstamo Biblioteca de origen Biblioteca actual Ubicación en estantería Fecha de adquisición Fuente de adquisición Total de préstamos Signatura topográfica completa Código de barras Visto por última vez Precio de reemplazo Tipo de ítem Koha
        Biblioteca del Ateneo de Madrid Biblioteca del Ateneo de Madrid Sala Pardo Bazán 17/01/2008     B-3575 1141274 23/02/2023 23/02/2023 Libro impreso